[Event "YUG-chT"]
[Site "Cetinje"]
[Date "1992.??.??"]
[Round "?"]
[White "Sargac, Rajna"]
[Black "Kokanovic, Ksenija"]
[Result "1/2-1/2"]
[WhiteElo "2015"]
[BlackElo "2175"]
[PlyCount "92"]
[EventDate "1992.??.??"]
[EventType "team"]
[EventRounds "11"]
[EventCountry "YUG"]
[SourceTitle "EXT 1997"]
[Source "ChessBase"]
[SourceDate "1996.11.15"]
[SourceVersion "1"]
[SourceVersionDate "1996.11.15"]
[SourceQuality "1"]

1. e4 c5 2. Nc3 e6 3. g3 d5 4. exd5 exd5 5. d4 Nf6 6. Bg5 Be6 7. Bg2 cxd4 8. Qxd4 Nc6 9. Qd2 Bb4 10. Nge2 h6 11. Bxf6 Qxf6 12. a3 Ba5 13. b4 Bb6 14. 0-0 Ne5 15. Qf4 Qxf4 16. gxf4 d4 17. Na4 d3 18. Ng3 Nc6 19. Nxb6 axb6 20. cxd3 0-0 21. Rfc1 Rfd8 22. Be4 Bd5 23. Nf5 Bxe4 24. dxe4 Rd3 25. b5 Nd4 26. Ne7+ Kf8 27. Rc8+ Rxc8 28. Nxc8 Nxb5 29. a4 Nd4 30. Nxb6 Ne2+ 31. Kf1 Nxf4 32. Re1 g5 33. Nc4 Ke7 34. Rb1 Rd7 35. Ne3 h5 36. Rb5 f6 37. Nd5+ Nxd5 38. exd5 Kd6 39. Ke2 Ke5 40. Ke3 h4 41. h3 Rf7 42. f3 Rd7 43. Rb6 f5 44. Rg6 Rxd5 45. Rxg5 Ra5 46. Rg7 Rxa4 1/2-1/2

[Event "YUG-Cup (Women)"]
[Site "Pula"]
[Date "1991.??.??"]
[Round "?"]
[White "Kokanovic, Ksenija"]
[Black "Boric, Elena"]
[Result "1/2-1/2"]
[WhiteElo "2095"]
[BlackElo "2235"]
[PlyCount "44"]
[EventDate "1991.??.??"]
[EventType "team"]
[EventRounds "5"]
[EventCountry "YUG"]
[SourceTitle "EXT 2002"]
[Source "ChessBase"]
[SourceDate "2001.11.25"]
[SourceVersion "1"]
[SourceVersionDate "2001.11.25"]
[SourceQuality "1"]

1. e4 Nf6 2. e5 Nd5 3. d4 d6 4. Bc4 Nb6 5. Bb3 dxe5 6. Qf3 e6 7. dxe5 Nc6 8. Qg3 a5 9. c3 a4 10. Bc2 Nc4 11. f4 Qd5 12. Nh3 h5 13. Ng5 h4 14. Qg4 Qc5 15. Qe2 b5 16. Ne4 Qb6 17. Bd3 Ba6 18. b3 N4a5 19. Be3 Qb7 20. b4 Nc4 21. Nbd2 Nxb4 22. 0-0 Nxd3 1/2-1/2

[Event "YUG-ch (Women)"]
[Site "Kladovo"]
[Date "1991.??.??"]
[Round "?"]
[White "Kovacevic, Radmila"]
[Black "Kokanovic, Ksenija"]
[Result "1-0"]
[WhiteElo "2095"]
[BlackElo "2095"]
[PlyCount "65"]
[EventDate "1991.??.??"]
[EventType "swiss"]
[EventRounds "13"]
[EventCountry "YUG"]
[SourceTitle "EXT 2002"]
[Source "ChessBase"]
[SourceDate "2001.11.25"]
[SourceVersion "1"]
[SourceVersionDate "2001.11.25"]
[SourceQuality "1"]

1. e4 c5 2. Nf3 e6 3. d4 cxd4 4. Nxd4 Nc6 5. Nc3 a6 6. Be3 Qc7 7. Be2 Nf6 8. 0-0 Bb4 9. Nxc6 bxc6 10. Bd3 d5 11. exd5 cxd5 12. Bd4 Bd6 13. Bxf6 gxf6 14. Re1 Bxh2+ 15. Kh1 Be5 16. Nxd5 Qc5 17. Nxf6+ Bxf6 18. Qf3 Bxb2 19. Qxa8 Bxa1 20. Rxa1 Ke7 21. Kg1 Qb6 22. Qe4 Bb7 23. Qh4+ Ke8 24. Be4 Rg8 25. Rd1 Bxe4 26. Qxe4 Rg6 27. Qa8+ Ke7 28. Qc8 Rg5 29. Rd7+ Kf6 30. Qh8+ Rg7 31. Rd3 Qb1+ 32. Kh2 Qb2 33. Rg3 1-0

[Event "YUG-ch (Women)"]
[Site "Kladovo"]
[Date "1991.??.??"]
[Round "?"]
[White "Maksimovic, Suzana"]
[Black "Kokanovic, Ksenija"]
[Result "1-0"]
[WhiteElo "2290"]
[BlackElo "2095"]
[PlyCount "61"]
[EventDate "1991.??.??"]
[EventType "swiss"]
[EventRounds "13"]
[EventCountry "YUG"]
[SourceTitle "EXT 2002"]
[Source "ChessBase"]
[SourceDate "2001.11.25"]
[SourceVersion "1"]
[SourceVersionDate "2001.11.25"]
[SourceQuality "1"]

1. d4 f5 2. g4 fxg4 3. Bf4 d5 4. h3 gxh3 5. Nc3 Nf6 6. Qd3 Na6 7. Nf3 e6 8. a3 Bd6 9. Ne5 Bd7 10. Rxh3 Rf8 11. Rxh7 Ne4 12. Nxe4 dxe4 13. Qxe4 Qf6 14. e3 Bxe5 15. dxe5 Qf5 16. Qxf5 Rxf5 17. Rxg7 0-0-0 18. 0-0-0 Nb8 19. Bh3 Rff8 20. Bg5 Rde8 21. f4 Rh8 22. Bg4 b6 23. b3 Rh2 24. Bf3 Rf2 25. Rdxd7 Nxd7 26. Bc6 Rf1+ 27. Kd2 Rh8 28. Bxd7+ Kb7 29. Bxe6 Rh2+ 30. Kc3 Rff2 31. Bf5 1-0

[Event "Balkaniad"]
[Site "Kavala"]
[Date "1990.??.??"]
[Round "1"]
[White "Alexieva, Silvia"]
[Black "Kokanovic, Ksenija"]
[Result "0-1"]
[WhiteElo "2040"]
[BlackElo "2115"]
[PlyCount "64"]
[EventDate "1990.10.??"]
[EventType "team"]
[EventRounds "6"]
[EventCountry "GRE"]
[SourceTitle "EXT 1997"]
[Source "ChessBase"]
[SourceDate "1996.11.15"]
[SourceVersion "1"]
[SourceVersionDate "1996.11.15"]
[SourceQuality "1"]

1. d4 f5 2. c4 Nf6 3. Nc3 g6 4. g3 Bg7 5. Bg2 0-0 6. Nf3 d6 7. 0-0 Nc6 8. d5 Na5 9. Qd3 c5 10. b3 Bd7 11. Bb2 a6 12. Ng5 Rb8 13. e4 b5 14. cxb5 axb5 15. Nd1 fxe4 16. Nxe4 c4 17. bxc4 Nxc4 18. Bd4 Bf5 19. Ne3 Nxe3 20. Nxf6+ Bxf6 21. Qxe3 Rc8 22. Rac1 Bxd4 23. Qxd4 Qa5 24. Qe3 Qxa2 25. Rxc8 Rxc8 26. Qxe7 Qa6 27. Re1 b4 28. Qh4 Qc4 29. Qf6 Qc3 30. Qe7 b3 31. Bf1 b2 32. Re3 Qxe3 0-1

[Event "Belgrade (Women)"]
[Site "Belgrade"]
[Date "1990.??.??"]
[Round "11"]
[White "Kachiani Gersinska, Ketino"]
[Black "Kokanovic, Ksenija"]
[Result "1-0"]
[WhiteElo "2365"]
[BlackElo "2115"]
[PlyCount "63"]
[EventDate "1990.??.??"]
[EventType "tourn"]
[EventRounds "11"]
[EventCountry "YUG"]
[EventCategory "2"]
[SourceTitle "TD"]
[Source "ChessBase"]
[SourceDate "1994.03.01"]
[SourceVersion "1"]
[SourceVersionDate "1994.03.01"]
[SourceQuality "1"]

1. d4 d5 2. c4 e6 3. Nc3 c5 4. cxd5 cxd4 5. Qxd4 Nc6 6. Qd1 exd5 7. Qxd5 Bd7 8. e3 Nf6 9. Qd1 Bc5 10. Nf3 Qe7 11. Be2 g5 12. 0-0 0-0-0 13. a3 g4 14. Nd4 Ne5 15. b4 Bb6 16. Bb2 Rhg8 17. Na4 Bxd4 18. Bxd4 Nf3+ 19. Bxf3 gxf3 20. Rc1+ Kb8 21. Qxf3 Ne4 22. Nc5 Bc6 23. Nxe4 Qxe4 24. Qxe4 Bxe4 25. f3 Bd3 26. Rfe1 f5 27. Kf2 Ka8 28. Red1 Bb5 29. Rc7 f4 30. exf4 Rge8 31. Rd2 h5 32. Rc5 1-0

[Event "YUG-chT"]
[Site "Cetinje"]
[Date "1990.??.??"]
[Round "9"]
[White "Kokanovic, Ksenija"]
[Black "Gocheva, Rumiana B"]
[Result "1-0"]
[WhiteElo "2115"]
[BlackElo "2210"]
[PlyCount "129"]
[EventDate "1990.??.??"]
[EventType "team"]
[EventRounds "9"]
[EventCountry "YUG"]
[SourceTitle "EXT 1997"]
[Source "ChessBase"]
[SourceDate "1996.11.15"]
[SourceVersion "1"]
[SourceVersionDate "1996.11.15"]
[SourceQuality "1"]

1. e4 c5 2. c3 e6 3. d4 d5 4. exd5 Qxd5 5. Nf3 Nf6 6. Na3 cxd4 7. Nb5 Qd8 8. Qxd4 Qxd4 9. Nbxd4 a6 10. Be2 Bd6 11. 0-0 h6 12. Nd2 Bc7 13. Bf3 0-0 14. Re1 e5 15. N4b3 Nc6 16. Nc5 Re8 17. Nc4 Nd8 18. Be3 Rb8 19. Rad1 Be6 20. Nxe6 Rxe6 21. Bc5 e4 22. Be2 b6 23. Bd6 Bxd6 24. Nxd6 b5 25. c4 b4 26. c5 Re5 27. Bxa6 Rxc5 28. Nxe4 Nxe4 29. Rxe4 Nc6 30. h3 b3 31. axb3 Rxb3 32. Rd2 g6 33. Rc4 Rxc4 34. Bxc4 Rb4 35. Bd5 Ne7 36. Bf3 Kg7 37. Rd7 Kf6 38. Rb7 Rc4 39. b4 Rc1+ 40. Kh2 Nf5 41. b5 Nd6 42. Rb6 Ke7 43. Rc6 Rxc6 44. Bxc6 Nc4 45. Kg3 f5 46. Kf3 g5 47. Ke2 Kd6 48. Kd3 Kc5 49. Be8 Ne5+ 50. Kc3 Nc4 51. Bd7 f4 52. Be8 Nd6 53. Bc6 h5 54. Kd3 g4 55. Bd7 f3 56. g3 Nf7 57. Bf5 gxh3 58. Bxh3 Kxb5 59. Ke3 Kc5 60. Bf5 Nh6 61. Be4 Ng4+ 62. Kxf3 Kd4 63. Bf5 Nh6 64. Kf4 h4 65. gxh4 1-0

[Event "Wch U20 Girls"]
[Site "Santiago de Chile"]
[Date "1990.??.??"]
[Round "8"]
[White "Kokanovic, Ksenija"]
[Black "Ionescu, Irina"]
[Result "1-0"]
[WhiteElo "2055"]
[BlackElo "2135"]
[PlyCount "73"]
[EventDate "1990.08.??"]
[EventType "swiss"]
[EventRounds "11"]
[EventCountry "CHI"]
[SourceTitle "EXT 1997"]
[Source "ChessBase"]
[SourceDate "1996.11.15"]
[SourceVersion "1"]
[SourceVersionDate "1996.11.15"]
[SourceQuality "1"]

1. e4 c5 2. c3 d5 3. exd5 Qxd5 4. d4 Nc6 5. Nf3 Nf6 6. Be3 cxd4 7. cxd4 e6 8. Nc3 Qd6 9. a3 Be7 10. h3 0-0 11. Bd3 Rd8 12. 0-0 a6 13. Bc2 b5 14. Qd3 Bb7 15. Rfd1 Rac8 16. Ng5 g6 17. Nce4 Qb8 18. Nxf7 Nxe4 19. Nh6+ Kf8 20. Qxe4 Nxd4 21. Qg4 Nf5 22. Nxf5 exf5 23. Bh6+ Kf7 24. Bxf5 Rc6 25. Be4 Rcd6 26. Rxd6 Rxd6 27. Bf4 Bxe4 28. Bxd6 Qxd6 29. Qxe4 Qf6 30. Qd5+ Kf8 31. Qd2 Bc5 32. Rd1 Kg7 33. Qc2 Bd4 34. Rd2 a5 35. Re2 b4 36. Qc7+ Kh6 37. Qxa5 1-0

[Event "Belgrade (Women)"]
[Site "Belgrade"]
[Date "1990.??.??"]
[Round "2"]
[White "Kokanovic, Ksenija"]
[Black "Nikolin, Zorica"]
[Result "1/2-1/2"]
[WhiteElo "2115"]
[BlackElo "2220"]
[PlyCount "37"]
[EventDate "1990.??.??"]
[EventType "tourn"]
[EventRounds "11"]
[EventCountry "YUG"]
[EventCategory "2"]
[SourceTitle "TD"]
[Source "ChessBase"]
[SourceDate "1994.03.01"]
[SourceVersion "1"]
[SourceVersionDate "1994.03.01"]
[SourceQuality "1"]

1. e4 e5 2. Bc4 Nf6 3. d3 Nc6 4. Nc3 Bb4 5. Nge2 d5 6. exd5 Nxd5 7. 0-0 Be6 8. Bxd5 Bxd5 9. f4 0-0 10. f5 Bc5+ 11. Kh1 Nd4 12. Nxd5 Qxd5 13. Nc3 Qc6 14. Ne4 f6 15. c3 Nb5 16. b4 Be7 17. Qb3+ Rf7 18. a4 Nd6 19. Nc5 1/2-1/2

[Event "YUG-ch (Women)"]
[Site "Kladovo"]
[Date "1990.??.??"]
[Round "?"]
[White "Kokanovic, Ksenija"]
[Black "Petrovic, Marija"]
[Result "0-1"]
[WhiteElo "2165"]
[BlackElo "2290"]
[PlyCount "92"]
[EventDate "1990.??.??"]
[EventType "tourn"]
[EventRounds "15"]
[EventCountry "YUG"]
[SourceTitle "TD"]
[Source "ChessBase"]
[SourceDate "1994.03.01"]
[SourceVersion "1"]
[SourceVersionDate "1994.03.01"]
[SourceQuality "1"]

1. e4 g6 2. d4 Bg7 3. Bc4 d6 4. Qf3 e6 5. Ne2 Nc6 6. c3 Qe7 7. h4 e5 8. Bg5 Bf6 9. Qe3 h6 10. Bxf6 Nxf6 11. d5 Nb8 12. f3 Nbd7 13. Nd2 c5 14. 0-0-0 a6 15. g4 b5 16. Bd3 h5 17. g5 Nh7 18. Ng3 c4 19. Bf1 Nc5 20. Kb1 Nf8 21. f4 exf4 22. Qxf4 Bg4 23. Re1 Nfd7 24. Nf3 Bxf3 25. Qxf3 Ne5 26. Qe3 Kd8 27. Bh3 Kc7 28. Ref1 a5 29. Rf6 Rhf8 30. Rhf1 a4 31. Rxd6 Qxd6 32. Rf6 Ne6 33. Bxe6 Qb6 34. d6+ Qxd6 35. Bd5 Ng4 36. e5 Nxe3 37. exd6+ Kd7 38. Bxa8 Rxa8 39. Ne4 Ke8 40. Nc5 Nf5 41. d7+ Ke7 42. Rb6 Nxh4 43. Rc6 Rd8 44. Rc8 Rxd7 45. Nxd7 Kxd7 46. Rc5 Nf3 0-1

[Event "Wch U20 Girls"]
[Site "Santiago de Chile"]
[Date "1990.??.??"]
[Round "10"]
[White "Kokanovic, Ksenija"]
[Black "Sofieva, Ainur"]
[Result "0-1"]
[WhiteElo "2055"]
[BlackElo "2360"]
[PlyCount "77"]
[EventDate "1990.08.??"]
[EventType "swiss"]
[EventRounds "11"]
[EventCountry "CHI"]
[SourceTitle "EXT 1997"]
[Source "ChessBase"]
[SourceDate "1996.11.15"]
[SourceVersion "1"]
[SourceVersionDate "1996.11.15"]
[SourceQuality "1"]

1. e4 c5 2. c3 d5 3. exd5 Qxd5 4. d4 Nc6 5. Nf3 Nf6 6. Be2 cxd4 7. cxd4 e6 8. 0-0 Be7 9. Nc3 Qd6 10. a3 0-0 11. Qd3 a6 12. Rd1 b5 13. Ng5 Bb7 14. Nce4 Nxe4 15. Qxe4 Bxg5 16. Bxg5 Na5 17. Qh4 Qd5 18. Bf3 Qf5 19. Bxb7 Nxb7 20. Rac1 Rfc8 21. Qf4 Qd5 22. Be7 Na5 23. Bb4 Nb3 24. Rxc8+ Rxc8 25. h3 a5 26. Bc3 h6 27. Re1 f6 28. Qg4 Kf7 29. h4 Rc4 30. h5 b4 31. axb4 axb4 32. Qg6+ Kf8 33. Qc2 Nxd4 34. Bxb4+ Rxb4 35. Qc8+ Kf7 36. Qc7+ Kg8 37. Qc8+ Kh7 38. Qe8 Qg5 39. Ra1 0-1

[Event "YUG-ch (Women)"]
[Site "Kladovo"]
[Date "1990.??.??"]
[Round "?"]
[White "Kokanovic, Ksenija"]
[Black "Zivkovic, Vesna"]
[Result "1-0"]
[WhiteElo "2165"]
[BlackElo "2175"]
[PlyCount "79"]
[EventDate "1990.??.??"]
[EventType "tourn"]
[EventRounds "15"]
[EventCountry "YUG"]
[SourceTitle "TD"]
[Source "ChessBase"]
[SourceDate "1994.03.01"]
[SourceVersion "1"]
[SourceVersionDate "1994.03.01"]
[SourceQuality "1"]

1. e4 c5 2. c3 d6 3. d4 Nf6 4. Bd3 Nc6 5. Ne2 g6 6. h3 Bg7 7. Be3 cxd4 8. cxd4 0-0 9. 0-0 Bd7 10. Qd2 Qa5 11. Nbc3 Rfc8 12. a3 Qd8 13. b4 a6 14. Kh1 e6 15. Rab1 b5 16. g4 Ne8 17. Bc2 Ne7 18. a4 bxa4 19. Nxa4 Bxa4 20. Bxa4 Nc6 21. Rfc1 Na7 22. Rxc8 Rxc8 23. d5 Nb5 24. dxe6 fxe6 25. Bb3 Nec7 26. Nd4 Nxd4 27. Bxd4 Qf8 28. Kg2 Re8 29. Bxg7 Qxg7 30. Qxd6 Kh8 31. Ba4 Nb5 32. Bxb5 axb5 33. Rd1 h5 34. Qd7 Re7 35. Qxb5 hxg4 36. Rd8+ Kh7 37. Qg5 gxh3+ 38. Kg3 Rf7 39. Qh4+ Qh6 40. Rh8+ 1-0

[Event "YUG-ch (Women)"]
[Site "Kladovo"]
[Date "1990.??.??"]
[Round "?"]
[White "Markov, Vesna"]
[Black "Kokanovic, Ksenija"]
[Result "1/2-1/2"]
[WhiteElo "2180"]
[BlackElo "2165"]
[PlyCount "125"]
[EventDate "1990.??.??"]
[EventType "tourn"]
[EventRounds "15"]
[EventCountry "YUG"]
[SourceTitle "TD"]
[Source "ChessBase"]
[SourceDate "1994.03.01"]
[SourceVersion "1"]
[SourceVersionDate "1994.03.01"]
[SourceQuality "1"]

1. d4 d5 2. c4 e6 3. Nf3 f5 4. g3 c6 5. b3 Nf6 6. Bg2 Bd6 7. 0-0 Qe7 8. Bb2 b6 9. Ne5 Bb7 10. cxd5 cxd5 11. Nc3 Nc6 12. Nb5 0-0 13. Nxc6 Bxc6 14. Nxd6 Qxd6 15. Qc1 Rfc8 16. Ba3 Qd7 17. f3 Rc7 18. Qd2 a5 19. Rfc1 Rac8 20. Kf2 Bb5 21. Rxc7 Rxc7 22. Rc1 Rxc1 23. Qxc1 Qc6 24. Qd2 Kf7 25. Bf1 Qc7 26. Bb2 h5 27. a4 Ba6 28. h4 Qc6 29. Bc1 Qc7 30. Qb2 Qc6 31. Bg5 b5 32. axb5 Qxb5 33. Qc3 a4 34. bxa4 Qxa4 35. Bxf6 Kxf6 36. Qe3 g6 37. Qe5+ Kf7 38. Qc7+ Kf8 39. Qf4 Kf7 40. g4 hxg4 41. fxg4 Qe8 42. g5 Kg8 43. Bg2 Qf7 44. Bf3 Bc4 45. Kg3 Qe8 46. h5 gxh5 47. Kh4 Qe7 48. Bxh5 Qb4 49. g6 Qe7+ 50. Kg3 Kg7 51. Qe3 Qd6+ 52. Qf4 Qa3+ 53. Kg2 Qe7 54. Qg3 Kg8 55. Kg1 Kg7 56. Kf2 Kg8 57. Qf4 Kg7 58. Qh2 Ba2 59. Qe5+ Kg8 60. Qf4 Kg7 61. Kg3 Bc4 62. Qe5+ Kg8 63. Qb8+ 1/2-1/2

[Event "YUG-ch (Women)"]
[Site "Kladovo"]
[Date "1990.??.??"]
[Round "?"]
[White "Markovic, Gordana"]
[Black "Kokanovic, Ksenija"]
[Result "1-0"]
[WhiteElo "2230"]
[BlackElo "2165"]
[PlyCount "93"]
[EventDate "1990.??.??"]
[EventType "tourn"]
[EventRounds "15"]
[EventCountry "YUG"]
[SourceTitle "TD"]
[Source "ChessBase"]
[SourceDate "1994.03.01"]
[SourceVersion "1"]
[SourceVersionDate "1994.03.01"]
[SourceQuality "1"]

1. e4 c5 2. Nf3 e6 3. d4 cxd4 4. Nxd4 Nc6 5. Nb5 d6 6. c4 Nf6 7. N1c3 a6 8. Na3 b6 9. Be2 Bb7 10. 0-0 Nb8 11. f3 Nbd7 12. Be3 Qc7 13. Qd2 Be7 14. Rfd1 0-0 15. Bf1 Rac8 16. Rac1 Qb8 17. Qf2 Bd8 18. Kh1 Bc7 19. Qh4 Rce8 20. Bd4 Bd8 21. Qf2 Kh8 22. Nc2 Rg8 23. Na4 Bc6 24. Nc3 Bb7 25. b3 g5 26. Ne2 h5 27. Ng3 h4 28. Nh5 e5 29. Nxf6 Nxf6 30. Bb2 g4 31. Qxh4+ Nh7 32. Qf2 gxf3 33. gxf3 Bg5 34. Ne3 Nf6 35. Bg2 Rg6 36. Rc2 Reg8 37. Nf5 Nh5 38. Rxd6 Bf4 39. Rxg6 fxg6 40. Ne3 Qd8 41. Nd5 Bxd5 42. cxd5 Qg5 43. Bh3 Qh6 44. d6 Kg7 45. Rc7+ Kf6 46. Qh4+ g5 47. Qg4 1-0

[Event "YUG-ch (Women)"]
[Site "Kladovo"]
[Date "1990.??.??"]
[Round "?"]
[White "Mihevc Mohr, Narcisa"]
[Black "Kokanovic, Ksenija"]
[Result "0-1"]
[WhiteElo "2115"]
[BlackElo "2165"]
[PlyCount "48"]
[EventDate "1990.??.??"]
[EventType "tourn"]
[EventRounds "15"]
[EventCountry "YUG"]
[SourceTitle "TD"]
[Source "ChessBase"]
[SourceDate "1994.03.01"]
[SourceVersion "1"]
[SourceVersionDate "1994.03.01"]
[SourceQuality "1"]

1. e4 c5 2. Nf3 d6 3. d4 cxd4 4. Nxd4 Nf6 5. Nc3 a6 6. Be3 e5 7. Nb3 Be6 8. f3 Be7 9. Qd2 Nbd7 10. 0-0-0 0-0 11. g4 b5 12. h4 Nb6 13. Na5 Qc7 14. Kb1 d5 15. g5 d4 16. gxf6 dxe3 17. Qxe3 Bxf6 18. Nb3 b4 19. Ne2 Rfc8 20. Qc1 a5 21. Bh3 Bxh3 22. Rxh3 a4 23. Nd2 b3 24. cxb3 Qd7 0-1